Biblioteca

El sueño de la razón : Una radiografía al alma de escritores famosos / Juan Antonio Monroy (Registro nro. 43544)

Detalles MARC
000 -LÍDER
Campo fijo de descripción fija 019800000a22002050004500
001 - NÚMERO DE CONTROL
Campo de control 14695
020 ## - NÚMERO INTERNACIONAL NORMALIZADO PARA LIBROS
Número Internacional Normalizado del libro 978-84-8267-513-8
041 0# - CÓDIGO DE IDIOMA
Código de idioma para texto/pista de sonido o título separado
082 04 - NÚMERO DE CLASIFICACIÓN DECIMAL DEWEY
Número de clasificación G 261.58 M7539s
100 1# - ASIENTO PRINCIPAL--NOMBRE PERSONAL
Nombre personal Monroy, Juan Antonio
245 10 - TÍTULO
Título del Material El sueño de la razón : Una radiografía al alma de escritores famosos / Juan Antonio Monroy
260 ## - PUBLICACIÓN, DISTRIBUCIÓN, ETC. (PIE DE IMPRENTA)
Lugar de publicación, distribución, etc. Barcelona : CLIE
300 ## - DESCRIPCIÓN FÍSICA
Extensión 297 Pág.
336 ## - CONTENT TYPE
Content type term texto
Content type code txt
Source rdacontent
337 ## - MEDIA TYPE
Source rdamedia
Media type term sin mediación
Media type code n
338 ## - CARRIER TYPE
Source rdacarrier
Carrier type term volumen
Carrier type code nc
505 00 - NOTA DE CONTENIDO
Nota de contenido con formato preestablecido Primera Parte I. Gabriel García Márquez: Dios existe en Macondo II. Federico García Lorca: El tiempo y la eternidad. III. Juan Ramón Jiménez: A Cristo por la palabra. IV. Gerardo Diego: Todos los muertos son iguales. Segunda Parte. I. Miguel de Unamuno: El desgarro interior de San Manuel Bueno. II. Miguel Hernández: El poco aire de los sagrarios. III. Dámaso Alonso: A Dios por la poesía. IV. Antonio Machado: La España de charanga y pandereta. V. San Juan de la Cruz: La noche oscura del alma. VI. Fray Luis de León: Cristo en el Cantar de los Cantares VII. Rosalía de Castro: La búsqueda de Dios VIII. Alejandro Casona: La Biblia en el teatro. IX. Benito Pérez Galdós: Los caminos de la salvación. X. José Echegaray: Los tormentos de la duda XI. Javier Zubiri: Religados a Dios XII. Manuel Azaña: El problema religioso en España XIII. Angel Ganivet: Carácter del cristianismo español. XIV. Hermann Hesse: El hombre estepario. XV. Sigmund Freud: La fuerza del ideal XVI. Stephen Hawking: El origen del universo XVII. Graham Greene: En busca del misterio XVIII. Leon Tolstoi: La crisis espiritual XIX. Rabindranath Tagore: Las playas de la eternidad. XX. Albert Camus: Más allá del absurdo y la nada XXI. Jean Paul Sartre: Frio en el alma XXII. Víctor Hugo: Anticlericalismo y fe XXIII. Denis Diderot: Creencia y ateísmo. XXIV. Angel Vásquez: La soledad del ser humano
942 ## - TIPO DE MATERIAL (KOHA)
Tipo de Item KOHA Libros General
Existencias
Estado de Material Estado de Perdido Estado de Dañado No para Préstamo Colección Tomo Biblioteca de Origen Biblioteca Permanente Fecha de Adquisición Total de Préstamos Signatura Topográfica Código de Barras Última vez visto Ejemplar/Existencia Fecha de Remplazo Tipo de Material
        Colección General   Biblioteca FUSBC Biblioteca FUSBC 29/10/2007   G 261.58 M7539s 16693 25/08/2022 1 26/01/2016 Libros General

Biblioteca FUSBC | Teléfono: (57+4) 349 88 10 Ext. 141| WhatsApp (+57) 3005338115 
E-mail: biblioteca@unisbc.edu.co | Calle 76 87-14 Robledo Palenque, Medellín, Colombia

Con tecnología Koha